| Tag |
First Indicator |
Second Indicator |
Subfields |
| LEADER |
00000cam a2200000 a 4500 |
| 001 |
in00000016794 |
| 005 |
20151007053308.0 |
| 008 |
860912s1987 enkab b 00110 eng |
| 010 |
|
|
|a 86025639
|
| 020 |
|
|
|a 0435080172 (pbk.)
|
| 035 |
|
|
|a (OCoLC)14270828
|
| 035 |
|
|
|9 AAB1124AM
|
| 040 |
|
|
|a DLC
|c DLC
|d TXA
|d UtOrBLW
|
| 043 |
|
|
|a fb-----
|
| 049 |
|
|
|a TXAM
|c [A11468909]
|
| 050 |
0 |
0 |
|a HC800
|b .A97 1987
|
| 082 |
0 |
|
|a 330.967
|2 19
|
| 100 |
1 |
|
|a Austen, Ralph A.
|
| 245 |
1 |
0 |
|a African economic history :
|b internal development and external dependency /
|c Ralph A. Austen.
|
| 264 |
|
1 |
|a London :
|b J. Currey ;
|a Portsmouth, NH :
|b Heinemann,
|c 1987.
|
| 300 |
|
|
|a ix, 294 pages :
|b illustrations, maps ;
|c 23 cm.
|
| 336 |
|
|
|a text
|b txt
|2 rdacontent
|
| 337 |
|
|
|a unmediated
|b n
|2 rdamedia
|
| 338 |
|
|
|a volume
|b nc
|2 rdacarrier
|
| 504 |
|
|
|a Includes bibliographies and index.
|
| 651 |
|
0 |
|a Africa, Sub-Saharan
|x Economic conditions.
|
| 651 |
|
0 |
|a Africa, Sub-Saharan
|x Foreign economic relations.
|
| 651 |
|
0 |
|a Africa, Sub-Saharan
|x Dependency on foreign countries
|x History.
|
| 999 |
|
|
|a MARS
|
| 999 |
f |
f |
|s f9abeadf-23c4-3db3-b960-a36290e6e958
|i 14b5b92e-8ed9-3fc3-b37c-e2a39d03e2f1
|t 0
|
| 952 |
f |
f |
|p ric
|a Texas A&M University
|b Rellis Campus
|c Joint Library Facility
|d Remote Storage
|t 0
|e HC800 .A97 1987
|h Library of Congress classification
|i unmediated -- volume
|m A14811468909
|
| 998 |
f |
f |
|a HC800 .A97 1987
|t 0
|l Remote Storage
|